| 000 | 00445ntaaa2200169 4500 | ||
|---|---|---|---|
| 003 | 01 | ||
| 005 | 20251027201102.0 | ||
| 008 | 0714s1973 ag 01 | ||
| 040 |
_aAR-BaBN _bspa _cAR-BaBN _eaacr _dRIC |
||
| 082 | _a201 T46 | ||
| 100 |
_aTillich, Paul _9151 |
||
| 245 |
_aReligious situation / _cPaul Tillich |
||
| 260 |
_aNew York : _bMeridian Books, _c1956 |
||
| 300 |
_a219 p. ; _c19 cm. |
||
| 650 |
_aFilosofĂa de la religion _91371 |
||
| 942 | _cBK | ||
| 999 |
_c5061 _d5061 |
||